000 00479nam a2200193Ia 4500
005 20250423100109.0
008 250422s9999 xx 000 0 und d
020 _a9788122427356
050 _aTS 183 .G87/
100 _aGupta, H.N.
245 0 _aManufacturing processes
250 _a2nd ed.
260 _aNew Delhi
260 _bNew Age International Publishers
260 _c2021
300 _a433 p
650 _aManufacturing processes. Metal-work.
942 _cBK
999 _c32276
_d32276